00726nam a2200169 a 450000100100000000500170001000800410002704000250006810000380009324500870013126000960021830000210031450000540033570000450038995201050043499900170053900003832220201002031229.0130408s2002 dr 000 0 spa d aDO-SdBNPbspacBNPHU1 aGonzález Buelta, Benjamin9660610aOrar en un mundo roto :btiempo de transformación /cBenjamin González Buelta. aSanto Domingo :bAmigo del Hogar ; presentación José María Fernández Martos,c2002. a240 p. ;c22 cm. aIncuye datos biográficos del autor en la solapa1 aJosé María Fernández Martos964684 0010718PDaPDbPDcCTd2013-04-08iLF1l0o p38322-10r2020-06-25w2020-06-25yLFPDZNo se presta c37812d37812